Rekonfigurovateľnosť výroby ako výzva pre výrobné podniky

Možnosti rekonfigurovateľných spôsobov výroby, v dôsledku čoho sa docieli optimalizácia výrobného procesu a v konečnom dôsledku aj zisku podniku.

Saved in:
Bibliographic Details
Main Author: Malega, Peter
Format: Book Chapter
Language:Slovak
Subjects:
Tags: Add Tag
No Tags, Be the first to tag this record!

MARC

LEADER 00000naa a2200000 4500
001 0177037
005 20231208113657.3
041 0 |a slo 
044 |a SK 
245 1 0 |a Rekonfigurovateľnosť výroby  |b ako výzva pre výrobné podniky  |c Peter Malega 
520 |a Možnosti rekonfigurovateľných spôsobov výroby, v dôsledku čoho sa docieli optimalizácia výrobného procesu a v konečnom dôsledku aj zisku podniku. 
610 2 0 |a modernizácia organizácie a riadenia výroby 
610 2 0 |a proces výrobný 
610 2 0 |a technológie nové 
610 2 0 |a inovácia 
610 2 0 |a CNC stroje 
100 1 |a Malega, Peter